000 00880cam a2200277 4500
001 WB3605-16
008 000000n2000 000 0 eng u
035 _a(Sirsi) u103981
245 _aHealthy retail market reported
260 _c2000
490 _aRICS Press Release
_v1 February 2000 (4)
520 _aRICS in Scotland has published its most recent commercial property market survey, which shows a buoyant retail property market and continued interest from investors.
590 _aWB
650 _aRICS IN SCOTLAND
650 _aRICS
650 _aMARKET SURVEYS
650 _aFORECASTS
650 _aPROPERTY-COMMERCIAL PROPERTY-COMMERCIAL PROPERTY MARKET
650 _aEDINBURGH
650 _aGLASGOW
650 _aABERDEEN
650 _aDUNDEE
650 _aPERTH
690 _aPROPERTY-COMMERCIAL PROPERTY-COMMERCIAL PROPERTY MARKET
942 _n0
999 _c62405
_d62405